|
|
|
|
| LEADER |
01031nam a2200277 4500 |
| 001 |
c000136657 |
| 003 |
CARM |
| 005 |
00000000000000.0 |
| 008 |
710225s1970 nyua b 00110 eng |
| 019 |
1 |
|
|a 218565
|z 23059025
|5 LACONCORD2021
|
| 020 |
|
|
|a 0824716698
|
| 035 |
|
|
|a (OCoLC)121421
|5 LACONCORD2021
|
| 050 |
0 |
0 |
|a QD431
|b .F37
|
| 082 |
0 |
0 |
|a 547/.75
|
| 100 |
1 |
|
|a Fasman, Gerald D.
|
| 245 |
1 |
0 |
|a Fine structure of proteins and nucleic acids,
|c edited by Gerald D. Fasman and Serge N. Timasheff.
|
| 260 |
|
|
|a New York,
|b M. Dekker,
|c 1970.
|
| 300 |
|
|
|a vi, 437 p.
|b illus.
|c 24 cm.
|
| 440 |
|
|
|a Biological macromolecules,
|v v. 4
|
| 504 |
|
|
|a Includes bibliographical references.
|
| 650 |
|
0 |
|a Proteins.
|
| 650 |
|
0 |
|a Nucleic acids.
|
| 700 |
1 |
|
|a Timasheff, Serge N.,
|d 1926-
|e joint author.
|
| 852 |
8 |
|
|b CARM
|h A2:AD10G0
|i C00520
|p 0032679
|f BK
|
| 999 |
f |
f |
|i 72a377d5-0182-530a-b8a3-810f00372f10
|s d0fc0e35-6a05-5965-a048-1def3ab67a67
|
| 952 |
f |
f |
|p Can circulate
|a CAVAL
|b CAVAL
|c CAVAL
|d CARM 1 Store
|e C00520
|f A2:AD10G0
|h Other scheme
|i book
|m 0032679
|